000
00309nam a22001457a 4500
008
230324b ||||| |||| 00| 0 eng d
020
_a
1877903008
041
_a
eng
080
_a
61
082
_a
61KEM
100
_a
7
101
_a
MJEKSI
245
_a
HEALTHWISE HANDBOOK
_c
KEMPER.W,D
942
_2
udc
_c
BK
999
_c
59444
_d
59444